Statistics for U.S. Cities with the Lowest Murder Rate

Click here to take the quiz!

General Stats

  • This quiz has been taken 28 times
  • The average score is 7 of 20

Answer Stats

Rate% ChangeCities% Correct
2.44+ 4.0San Diego
69%
3.46- 18.9New York
58%
3.29+ 25.5Austin
58%
2.55+ 41.0 (2015)Honolulu
58%
2.67- 8.8San Jose
58%
3.34+ 25.8El Paso
50%
3.37- 0.9Mesa
35%
1.55- 142.8Virginia Beach
35%
3.13- 112.6Aurora
31%
2.38- 168.4Reno
31%
1.97- 104.5Anaheim
27%
2.75+ 6.6Scottsdale
23%
1.93- 47.2Madison
23%
00Irvine
19%
2.08- 24.1Lincoln
19%
1.75- 94.4Arlington
19%
1.72+ 16.5Plano
19%
1.56+ 74.6Chandler
19%
3.78+ 17.5Laredo
19%
2.19- 23.2Chula Vista
12%

Score Distribution

Percentile by Number Answered

Percent of People with Each Score

Your Score History

You have not taken this quiz